00485 a2200181 4500260001200000100002600012700002400038260002000062245002500082300001100107650001800118260000900136300000900145130000700154020001800161999001700179952010700196 aLondres aJONES, Thomas Carlyle1 aHUNT, Ronald Duncan bLEA and Febiger aVeterinary Pathology a1792p. aSANTE ANIMALE c1983 bill. lEn a0-8121-0789-6 c22614d22614 00104070aBIDOCbBIDOCd0000-00-00l0oPA.1983.038r2009-02-28 00:00:00t1w2009-02-28yLIVRzA.3521